000 01609cam a22004694i 4500
003 PE-LiUPU
005 20250731173348.0
008 150706s2006 sp a r 000 0 spa d
020 _a9788472399990
035 _a(Sirsi) i9788472399990
040 _aPE-LiUPU
_bspa
_cPE-LiUPU
_erda
049 _aPRUA
082 0 4 _a297.03
_bD
_221
245 0 1 _aDiccionario del Islam :
_breligión y cultura /
_cEditorial Monte Carmelo.
264 1 _aBurgos :
_bMonte Carmelo,
_c2006 .
300 _a824 páginas :
_bilustraciones, planos, mapas ;
_c26 centímetros
336 _atext
_2rdacontent
337 _aunmediated
_2rdamedia
338 _avolume
_2rdacarrier
490 0 _aDiccionarios "MC
505 0 _aDiccionario de A-Z.
526 _aSEG42
526 _aSEG41
526 _aSEG40
526 _aSEG39
526 _aP94
526 _aP87
526 _aP86
526 _aP85
526 _aP77
526 _aP76
526 _aP35
541 _g007-0020527;
650 0 4 _aCivilización musulmana
_vDiccionarios .
650 0 4 _aIslamismo
_vDiccionarios .
910 _agl
_bjv
_clch
_d20100111
942 _2ddc
_cBOOK
949 _a297.03 D
_wDEWEY
_c1
_i60920
_d2016-2-4
_e2016-2-3
_lCCODEBUL1
_mBUL
_n1
_p59.00
_r0
_sY
_tBOOK
_u2015-7-6
_xTEOLOGIA
_zUNKNOWN
_0COMPRA
_o.STAFF. Colección Teología
994 _aC0
_bPEPRU
596 _a1
999 _a297.03 D
_wDEWEY
_c50278
_i60920
_d50278
_e2018-6-17
_f2021-11-11
_g5
_lCCODEBUL1
_mBUL
_n2
_p59.00
_q5
_r0
_sY
_tBOOK
_u2015-7-6
_xTEOLOGIA
_PP35
_0COMPRA
_o.STAFF. Colección Teología
980 _81
_gALBERTO SANCHEZ Responsable de Automatización